<?xml version="1.0" encoding="UTF-8"?>
<record
    xmlns:xsi="http://www.w3.org/2001/XMLSchema-instance"
    xsi:schemaLocation="http://www.loc.gov/MARC21/slim http://www.loc.gov/standards/marcxml/schema/MARC21slim.xsd"
    xmlns="http://www.loc.gov/MARC21/slim">

  <leader>00931nam a22001817a 4500</leader>
  <controlfield tag="008">180208b        xxu||||| |||| 00| 0 eng d</controlfield>
  <datafield tag="020" ind1=" " ind2=" ">
    <subfield code="a">0323025668</subfield>
  </datafield>
  <datafield tag="050" ind1=" " ind2=" ">
    <subfield code="a">RT41.W77</subfield>
  </datafield>
  <datafield tag="245" ind1=" " ind2=" ">
    <subfield code="a">Winningham and Preusser's critical thinking in medical-surgical settings. /</subfield>
    <subfield code="c">Preusser, Barbara A.</subfield>
    <subfield code="b">A case study approach</subfield>
  </datafield>
  <datafield tag="250" ind1=" " ind2=" ">
    <subfield code="a">3rd ed.</subfield>
  </datafield>
  <datafield tag="260" ind1=" " ind2=" ">
    <subfield code="a">St Louis, MO:</subfield>
    <subfield code="b">Elsevier/Mosby,</subfield>
    <subfield code="c">2005.</subfield>
  </datafield>
  <datafield tag="300" ind1=" " ind2=" ">
    <subfield code="a">xvii, 696 p.:</subfield>
    <subfield code="b">ills.;</subfield>
    <subfield code="c">26cm</subfield>
  </datafield>
  <datafield tag="505" ind1=" " ind2=" ">
    <subfield code="a">Contents: Cardiovascular disorders, Pulmonary disorders, Musculoskeletal disorders, Gatrointerstinal disorders, Genitourinary disorders, Neurologic disorders, Endocrine disorders, Immunologic disorders, Oncologic and hematologic disorders, Women's health disorders, Psychiatric disorders, Alternative therapies, Multiple system disorders, Emergency situations.</subfield>
  </datafield>
  <datafield tag="650" ind1=" " ind2=" ">
    <subfield code="a">Critical thinking</subfield>
  </datafield>
  <datafield tag="650" ind1=" " ind2=" ">
    <subfield code="a">Medical-surgical nursing</subfield>
  </datafield>
  <datafield tag="700" ind1=" " ind2=" ">
    <subfield code="a">Preusser, Barbara A.</subfield>
  </datafield>
  <datafield tag="942" ind1=" " ind2=" ">
    <subfield code="2">lcc</subfield>
    <subfield code="c">BK</subfield>
  </datafield>
  <datafield tag="999" ind1=" " ind2=" ">
    <subfield code="c">7205</subfield>
    <subfield code="d">14705</subfield>
  </datafield>
  <datafield tag="952" ind1=" " ind2=" ">
    <subfield code="0">0</subfield>
    <subfield code="1">0</subfield>
    <subfield code="2">lcc</subfield>
    <subfield code="4">0</subfield>
    <subfield code="7">0</subfield>
    <subfield code="a">WIUC-KL</subfield>
    <subfield code="b">WIUC-KL</subfield>
    <subfield code="c">NURS L.</subfield>
    <subfield code="d">2019-06-24</subfield>
    <subfield code="o">RT41.W77(3e)</subfield>
    <subfield code="p">KSN/044/19</subfield>
    <subfield code="r">2020-05-07 00:00:00</subfield>
    <subfield code="w">2020-05-07</subfield>
    <subfield code="y">BK</subfield>
  </datafield>
</record>
